| 000 -LEADER |
| fixed length control field |
00712nam a22002057a 4500 |
| 008 - FIXED-LENGTH DATA ELEMENTS--GENERAL INFORMATION |
| fixed length control field |
131008b xxu||||| |||| 00| 0 eng d |
| 020 ## - INTERNATIONAL STANDARD BOOK NUMBER |
| International Standard Book Number |
3852061334 |
| 041 0# - LANGUAGE CODE |
| Language code of text/sound track or separate title |
eng |
| 080 ## - UNIVERSAL DECIMAL CLASSIFICATION NUMBER |
| Universal Decimal Classification number |
007:061.3 |
| 245 #0 - TITLE STATEMENT |
| Title |
Cybernetics and systems : Proceedings of the Thirteenth European Meeting on Cybernetics and Systems Research / |
| Statement of responsibility, etc |
edited by Robert Trappl |
| 260 ## - |
| -- |
Vienna : |
| -- |
Austrian Society for Cybernetic Studies ; |
| -- |
1996 |
| 300 ## - |
| -- |
1243 f. : |
| -- |
me il. ; |
| -- |
29 cm. |
| 490 ## - |
| -- |
Cybernetics and systems '96 |
| -- |
Volume II |
| 505 ## - |
| -- |
[Libri përmban referencat pas secilit artikull] |
| 505 ## - |
| -- |
Index : 1235-1243 |
| 650 #0 - |
| -- |
Kibernetika |
| 650 #0 - |
| -- |
Seminare |
| 700 ## - |
| -- |
Trappl, Robert |
| 942 ## - ADDED ENTRY ELEMENTS (KOHA) |
| Source of classification or shelving scheme |
|
| Item type |
Books |